All songs in Matilda the Musical - Statistics

General Stats
  • This quiz has been taken 405 times
  • The average score is 11 of 15
Answer Stats
Sung By Answer % Correct
Matilda Naughty
93%
Students Revolting Children
88%
Ensemble Miracle
87%
Students School Song
83%
Students When I Grow Up
82%
Matilda Quiet
76%
Trunchbull The Hammer
76%
Students Bruce
71%
Miss Honey My House
66%
Trunchbull The Smell of Rebellion
65%
Mrs. Wormwood Loud
64%
Mr. Wormwood Telly
64%
Miss Honey Pathetic
53%
Escapologist I'm Here
51%
Miss Honey This Little Girl
50%
No matching quizzes found
Score Distribution
Percent of People with Each Score
Percentile by Number Answered
Your Score History
You have not taken this quiz